000 00224nam a22001217a 4500
008 170606b xxu||||| |||| 00| 0 eng d
041 _aeng
080 _a2
100 _a2
101 _a2
245 _a2
942 _2udc
_cBK
999 _c16186
_d16186